The money market and its institutions / (Record no. 46010)
[ view plain ]
| 000 -LEADER | |
|---|---|
| fixed length control field | 00871cam a2200289 4500 |
| 001 - CONTROL NUMBER | |
| control field | 46010 |
| 003 - CONTROL NUMBER IDENTIFIER | |
| rucl marc code | BD-RJUL |
| 005 - DATE AND TIME OF LATEST TRANSACTION | |
| control field | 20211209054109.0 |
| 008 - FIXED-LENGTH DATA ELEMENTS--GENERAL INFORMATION | |
| fixed length control field | 160730s1955 nyu b 000 0 eng |
| 035 ## - SYSTEM CONTROL NUMBER | |
| System control number | MITb10905021 |
| System control number | BD-RJUL 46128 |
| 040 ## - CATALOGING SOURCE | |
| Original cataloging agency | DLC |
| Transcribing agency | WSU |
| Modifying agency | OCL |
| -- | SER |
| -- | MYG |
| Language of cataloging | eng |
| 041 ## - LANGUAGE CODE | |
| Language code of text/sound track or separate title | eng |
| 082 ## - DEWEY DECIMAL CLASSIFICATION NUMBER | |
| Classification number | 332.7 |
| Author mark and year | NAM 1955 |
| 090 ## - LOCALLY ASSIGNED LC-TYPE CALL NUMBER (OCLC); LOCAL CALL NUMBER (OCLC) | |
| Classification number (OCLC) (R) ; Classification number, CALL (RLIN) (NR) | HG3729.U5 |
| Local cutter number (OCLC) ; Book number/undivided call number, CALL (RLIN) | N23x 1955 |
| 100 1# - MAIN ENTRY--PERSONAL NAME | |
| Personal name | Nadler, Marcus, |
| Dates associated with a name | 1895- |
| 9 (RLIN) | 140676 |
| 245 14 - TITLE STATEMENT | |
| Title | The money market and its institutions / |
| Statement of responsibility, etc. | [by] Marcus Nadler, Sipa Heller [and] Samuel S. Shipman. |
| 260 ## - PUBLICATION, DISTRIBUTION, ETC. (IMPRINT) | |
| Place of publication, distribution, etc. | New York : |
| Name of publisher, distributor, etc. | Ronald Press Co, |
| Date of publication, distribution, etc. | [1955] |
| 300 ## - PHYSICAL DESCRIPTION | |
| Pagination | 323 p. ; |
| Size | 22 cm. |
| 504 ## - BIBLIOGRAPHY, ETC. NOTE | |
| Bibliography, etc | Includes bibliography. |
| 650 #0 - SUBJECT ADDED ENTRY--TOPICAL TERM | |
| Topical term or geographic name as entry element | Credit |
| Geographic subdivision | United States. |
| 9 (RLIN) | 140677 |
| Topical term or geographic name as entry element | Currency question |
| Geographic subdivision | United States. |
| 9 (RLIN) | 134109 |
| 942 ## - ADDED ENTRY ELEMENTS (KOHA) | |
| Source of classification or shelving scheme | Dewey Decimal Classification |
| Koha item type | Books |
| 946 ## - LOCAL PROCESSING INFORMATION (OCLC) | |
| a | t |
| 949 ## - LOCAL PROCESSING INFORMATION (OCLC) | |
| a | c |
| p | 39080021817397 |
| Lost status | Source of classification or shelving scheme | Damaged status | Not for loan | Collection code | Permanent Location | Current Location | Shelving location | Date acquired | Source of acquisition | Cost, normal purchase price | Total Checkouts | Full call number | Date last seen | Copy number | Koha item type |
|---|---|---|---|---|---|---|---|---|---|---|---|---|---|---|---|
| Dewey Decimal Classification | Non-fiction | Central Library, University of Rajshahi | Central Library, University of Rajshahi | 17/10/1962 | Swets zeitlinger | 18.00 | 332.7 NAM 1955 | 30/07/2016 | C-2 | Books | |||||
| Dewey Decimal Classification | Not For Loan | Non-fiction | Central Library, University of Rajshahi | Central Library, University of Rajshahi | Reading Room | 19/12/1957 | Pak. American Commercial | 30.00 | 332.7 NAM 1955 | 26/12/2016 | C-1 | Books |